Hoy es un largo día
Uloženo v:
| Hlavní autor: | |
|---|---|
| Médium: | Kniha |
| Jazyk: | Undetermined |
| Vydáno: |
San José, Costa Rica
Editorial Costa Rica
1974
|
| Témata: | |
| Tagy: |
Přidat tag
Žádné tagy, Buďte první, kdo vytvoří štítek k tomuto záznamu!
|
MARC
| LEADER | 00000nam a2200000Ia 4500 | ||
|---|---|---|---|
| 008 | 170316s9999 xx 000 0 und d | ||
| 090 | |a 868 N-1ho | ||
| 100 | |a Naranjo, Carmen | ||
| 245 | |a Hoy es un largo día | ||
| 260 | |a San José, Costa Rica | ||
| 260 | |b Editorial Costa Rica | ||
| 260 | |c 1974 | ||
| 300 | |a 123 páginas | ||
| 650 | |a LITERATURA COSTARRICENSE | ||
| 999 | |c 26740 |d 26740 | ||
| 040 | |a cru BVZT | ||
| 942 | |c 15 D |h 868 N-1ho |2 z | ||
